Where now for the UK quoted property sector? (Record no. 80215)
[ view plain ]
| 000 -LEADER | |
|---|---|
| fixed length control field | 00853cab a22001935a 4500 |
| 001 - CONTROL NUMBER | |
| control field | L142990 |
| 008 - FIXED-LENGTH DATA ELEMENTS--GENERAL INFORMATION | |
| fixed length control field | 080117s2008 xxkad f s 000 0 eng d |
| 035 ## - SYSTEM CONTROL NUMBER | |
| System control number | (Sirsi) u143558 |
| 041 0# - LANGUAGE CODE | |
| Language code of text/sound track or separate title | eng |
| 100 1# - MAIN ENTRY--PERSONAL NAME | |
| Personal name | Patterson, Alan |
| 245 00 - TITLE STATEMENT | |
| Title | Where now for the UK quoted property sector? |
| 260 ## - PUBLICATION, DISTRIBUTION, ETC. | |
| Date of publication, distribution, etc. | 2008 |
| 490 #0 - SERIES STATEMENT | |
| Series statement | Property Forecast |
| Volume/sequential designation | 11(2) February 2008, 2-3(2) |
| 520 ## - SUMMARY, ETC. | |
| Summary, etc. | Reports that the US subprime mortgage crisis caused the fasted recorded fall in the UK commercial property index. Suggests the reasons the crisis spread so fast to the UK market, and then into commercial and residential values, are not clear. Asseses whether or not the sector has become so devalued that it represents a good investment. |
| 590 ## - LOCAL NOTE (RLIN) | |
| Local note | KA |
| 651 #4 - SUBJECT ADDED ENTRY--GEOGRAPHIC NAME | |
| Geographic name | United Kingdom |
| Chronological subdivision | |
| 690 ## - LOCAL SUBJECT ADDED ENTRY--TOPICAL TERM (OCLC, RLIN) | |
| Topical term or geographic name as entry element | PROPERTY-COMMERCIAL PROPERTY-COMMERCIAL PROPERTY MARKET |
| 942 ## - ADDED ENTRY ELEMENTS (KOHA) | |
| Suppress in OPAC | 0 |
| Withdrawn status | Lost status | Source of classification or shelving scheme | Damaged status | Not for loan | Home library | Current library | Shelving location | Date acquired | Total Checkouts | Full call number | Barcode | Date last seen | Copy number | Price effective from | Koha item type |
|---|---|---|---|---|---|---|---|---|---|---|---|---|---|---|---|
| Dewey Decimal Classification | London | London | Books | 19/05/2008 | L143558 | 143558-1001 | 06/08/2019 | 1 | 06/08/2019 | Book |